| 000 | 00634nam a2200217 a 4500 | ||
|---|---|---|---|
| 999 |
_c10447 _d10447 |
||
| 001 | 10447 | ||
| 003 | BD-JhCC | ||
| 005 | 20180520110950.0 | ||
| 008 | 180428s1959 u |||| || | 000 0 eng d | ||
| 035 | _a(BD-JhCC)10447 | ||
| 040 |
_aBD-JhCC _dBD-JhCC |
||
| 041 | _aeng | ||
| 082 |
_a822.912 _bROB 1959 |
||
| 100 | _aRoberts, James L. | ||
| 245 |
_aPygmalion : _bnotes, including complete synopsis, character sketches, selected examination questions and answers / _cJames L. Roberts |
||
| 260 |
_aUSA : _bC. K. Hillegass _c1959 |
||
| 300 |
_a71 p. : _c21 cm. |
||
| 650 | _aEnglish Language | ||
| 942 |
_2ddc _cBK |
||